MARC

LEADER 00000nam0a2200000 4500
001 374186
005 20231101051033.0
010 |a 5217008040 
035 |a (RuTPU)RU\TPU\retro\31620 
035 |a RU\TPU\book\225674 
090 |a 374186 
100 |a 20221219d1990 m y0rusy50 ca 
101 0 |a rus 
102 |a RU 
105 |a a j 001zy 
200 1 |a Термогазодинамика  |e учебник для техникумов  |f С. И. Ловинский 
210 |a Москва  |c Машиностроение  |d 1990 
215 |a 112 с.  |c ил. 
225 1 |a Для техникумов 
320 |a Библиогр.: с. 107. 
320 |a Предметный указатель: с. 108-110. 
610 1 |a физика 
610 1 |a термогазодинамика 
610 1 |a термогазодинамический расчет 
610 1 |a техническая термодинамика 
610 1 |a первый закон термодинамики 
610 1 |a термодинамические процессы 
610 1 |a второй закон термодинамики 
610 1 |a газодинамика 
610 1 |a уравнения 
610 1 |a сужающие сопла 
610 1 |a теплопередача 
610 1 |a теплообмен 
675 |a 536.7(075.8)  |v 3 
700 1 |a Ловинский  |b С. И.  |g Семен Исаакович 
801 1 |a RU  |b 63413507  |c 20120118 
801 2 |a RU  |b 63413507  |c 20221219  |g RCR 
942 |c BK